A pérola (Registo nº 6130)
[ vista simples ]
| 000 -Etiqueta do registo | |
|---|---|
| Valores | 00701nam a2200229 4500 |
| 010 ## - Número ISBN | |
| ISBN | 9789723829228 |
| 021 ## - Número do Depósito Legal | |
| Número | 392870/15 |
| 100 ## - Dados gerais de processamento | |
| Dados gerais | 20151202d2015 m y0pory50030103ba |
| 200 1# - Titulo e menção de responsabilidade | |
| Título próprio | A pérola |
| Primeira menção de responsabilidade | John Steinbeck |
| Outras menções de responsabilidade | trad. Clarisse Tavares |
| 205 ## - Menção da edição | |
| Edição | 1ªed. reimp. |
| 210 #9 - Publicação | |
| Local de publicação | [Lisboa] |
| Nome do editor | Livros do Brasil |
| Data de publicação | 2015 |
| 215 ## - Descrição física | |
| Paginação / Volumes | 79 p. |
| 304 ## - Nota relativa ao título | |
| Texto de nota | Tit. orig.: The pearl |
| 675 ## - CDU | |
| Notação | 821.111(73)-34 |
| Edição | PT |
| Língua | por |
| 700 #1 - Autor principal (pessoa individual) | |
| Apelido | Steinbeck, |
| Nome | John, |
| Datas | 1902-1968 |
| 702 #1 - Autor secundário (pessoa individual) | |
| Apelido | Tavares, |
| Nome | Clarisse |
| 801 #0 - Fonte de origem | |
| País | PT |
| Agência | BMVN |
| Regras de catalogação | RPC |
| 830 ## - Notas gerais do catalogador | |
| Criado por | Céu Baptista |
| Data de criação | 25/02/2026 |
| 856 41 - Localização e acesso electrónico | |
| URL | <a href="http://rnod.bnportugal.gov.pt/ImagesBN/winlibimg.aspx?skey=&doc=1916979&img=69476&save=true">http://rnod.bnportugal.gov.pt/ImagesBN/winlibimg.aspx?skey=&doc=1916979&img=69476&save=true</a> |
| 990 ## - Elementos KOHA | |
| Tipo de documento | Livro |
| Situação do levantamento | Biblioteca de origem | Código de barras | Cota | Permissão de empréstimo | Tipo de documento | Forma de aquisição |
|---|---|---|---|---|---|---|
| Biblioteca Escola Secundária de Vendas Novas | 200000003369 | LJ LE/STE | Livro | |||
| Biblioteca Escola Secundária de Vendas Novas | 200000003370 | LJ LE/STE | Livro | |||
| Biblioteca Escola Secundária de Vendas Novas | 200000003371 | LJ LE/STE | Livro | |||
| Biblioteca Escola Secundária de Vendas Novas | 200000003372 | LJ LE/STE | Livro | |||
| Biblioteca Escola Secundária de Vendas Novas | 200000003373 | LJ LE/STE | Livro | |||
| Biblioteca Escola Secundária de Vendas Novas | 200000003374 | LJ LE/STE | Livro |